| 000 | 00467nam a22001817a 4500 | ||
|---|---|---|---|
| 008 | 170321b xxu||||| |||| 00| | tur d | ||
| 020 | _a9789755705422 | ||
| 041 | _atur | ||
| 050 | _aPL248.E3 | ||
| 100 |
_91141 _aMahmure Kahraman |
||
| 245 | _aFerit Edgünün Hakkarisi | ||
| 250 | _a1. baskı | ||
| 260 |
_aİstanbul _b*Sel Yayıncılık _c2011 |
||
| 300 | _a109 Sayfa | ||
| 500 | _aSel Yayıncılık: 522 | ||
| 650 | 0 |
_9145 _aTürk Edebiyatı |
|
| 942 |
_2lcc _cBK |
||
| 999 |
_c2197 _d2157 |
||